Okříšky
| Titel: | Okříšky : historie a vývoj osídlení městyse / Jaroslav Sadílek |
|---|---|
| Verfasser: | |
| Ausgabe: | První vydání |
| Veröffentlicht: | Žďár nad Sázavou : Tváře, s.r.o., 2021 |
| Umfang: | 95 Seiten, 12 ungezählte Seiten Bildtafeln : Illustrationen, Faksimiles, Karten ; 24 cm |
| Format: | Buch |
| Sprache: | Tschechisch |
| ISBN: | 9788088041443 ; 8088041449 |
| Hinweise zum Inhalt: |
Inhaltsverzeichnis
Buch Bibliographie Cover |
alg: 48574409 001A $03004:23-09-21 001B $01999:15-11-25 $t16:16:32.000 001D $03004:23-09-21 001U $0utf8 001X $00 002@ $0Aau 002C $aText $btxt $2rdacontent 002D $aohne Hilfsmittel zu benutzen $bn $2rdamedia 002E $aBand $bnc $2rdacarrier 003@ $0485744090 004A $A978-80-88041-44-3 004A $080-88041-44-9 006C $01260123751 $aOCoLC 007A $0485744090 $aHEB 007G $0DE020ADD95E9DE0A83B79C125877A003501E6 009P $qapplication/pdf $A2 $3Inhaltsverzeichnis $uhttp://scans.hebis.de/HEBCGI/show.pl?48574409_toc.pdf $mV:DE-603;B:DE-Mb50 009P $qapplication/pdf $A2 $3Buch Bibliographie $uhttp://scans.hebis.de/HEBCGI/show.pl?48574409_bib.pdf $mV:DE-603;B:DE-Mb50 009P $qapplication/pdf $A2 $3Cover $uhttp://scans.hebis.de/HEBCGI/show.pl?48574409_cov.pdf $mV:DE-603;B:DE-Mb50 010@ $acze 010E $erda 011@ $a2021 $n2021 021A $aOkříšky $dhistorie a vývoj osídlení městyse $hJaroslav Sadílek 028A $BVerfasser $4aut $71067757368 $8Sadílek, Jaroslav$Z1972- [Tp3] $9355995646 032@ $aPrvní vydání 033A $pŽďár nad Sázavou $nTváře, s.r.o. 034D $a95 Seiten, 12 ungezählte Seiten Bildtafeln 034I $a24 cm 034M $aIllustrationen, Faksimiles, Karten 037A $aErscheinungsort korrekt: Polnička ; Literaturverzeichnis: Seite 89-90 044A $aOkříšky (Česko) $2czenas $S#7 $xdějiny $N651 044A $aOkříšky (Czechia) $2czenas $S#7 $xhistory $N651 044A $amonografie $2czenas $S#7 $N655 044A $amonographs $2czenas $S#7 $N655 044K $#Okrzischko $#Okříško $#Klein Wartenberg $#Okříschko $#Okrischka $71035489708 $8Okříšky [Tg1] $9322388813 045F $a307.0943710902 $eDDC23BSB 045F/01 $a307.09 045F/03 $f0902 045F/03 $f0903 045F/03 $f0904 045F/03 $f0905 045F/03 $g4371 045R $aGeschichte lok: 48574409 24 exp: 48574409 24 1 #EPN 201B/01 $023-09-21 $t15:27:37.000 201C/01 $029-05-21 201U/01 $0utf8 203@/01 $01155129938 208@/01 $a23-09-21 $bz 209A/01 $a21.03275 $du $f050 $h21 03275 $x00 209C/01 $a21.03275 K $h21 03275 K 209G/01 $a74253008 $x00 220C/01 $akon 247C/01 $8358050-7Marburg, Bibliothek des Herder-Instituts Marburg $9102600961
| LEADER | 00000cam a2200000 c 4500 | ||
|---|---|---|---|
| 001 | 485744090 | ||
| 003 | DE-603 | ||
| 005 | 20251115161632.0 | ||
| 007 | tu | ||
| 008 | 210923s2021 xx |||| | u00||u|cze c | ||
| 020 | |a 9788088041443 | ||
| 020 | |a 8088041449 | ||
| 035 | |a (DE-599)HEB485744090 | ||
| 040 | |a DE-603 |b ger |c DE-603 |d DE-603 |e rda | ||
| 041 | |a cze | ||
| 082 | 0 | 4 | |8 1\u |a 307.0943710902 |q DE-101 |2 23/BSB |
| 085 | |8 1\u |b 307.09 | ||
| 085 | |8 1\u |z 1 |s 0902 | ||
| 085 | |8 1\u |z 1 |s 0903 | ||
| 085 | |8 1\u |z 1 |s 0904 | ||
| 085 | |8 1\u |z 1 |s 0905 | ||
| 085 | |8 1\u |z 2 |s 4371 | ||
| 100 | 1 | |a Sadílek, Jaroslav |d 1972- |e Verfasser |4 aut |0 (DE-603)355995646 |0 (DE-588)1067757368 |2 gnd | |
| 245 | 0 | 0 | |a Okříšky |b historie a vývoj osídlení městyse |c Jaroslav Sadílek |
| 250 | |a První vydání | ||
| 264 | 1 | |a Žďár nad Sázavou |b Tváře, s.r.o. |c 2021 | |
| 300 | |a 95 Seiten, 12 ungezählte Seiten Bildtafeln |b Illustrationen, Faksimiles, Karten |c 24 cm | ||
| 336 | |a Text |b txt |2 rdacontent | ||
| 337 | |a ohne Hilfsmittel zu benutzen |b n |2 rdamedia | ||
| 338 | |a Band |b nc |2 rdacarrier | ||
| 500 | |a Erscheinungsort korrekt: Polnička ; Literaturverzeichnis: Seite 89-90 | ||
| 648 | 7 | |a Geschichte |2 gnd | |
| 651 | 7 | |a Okříšky |0 (DE-588)1035489708 |0 (DE-603)322388813 |2 gnd | |
| 856 | 4 | 2 | |m V:DE-603;B:DE-Mb50 |q application/pdf |u http://scans.hebis.de/HEBCGI/show.pl?48574409_toc.pdf |3 Inhaltsverzeichnis |
| 856 | 4 | 2 | |m V:DE-603;B:DE-Mb50 |q application/pdf |u http://scans.hebis.de/HEBCGI/show.pl?48574409_bib.pdf |3 Buch Bibliographie |
| 856 | 4 | 2 | |m V:DE-603;B:DE-Mb50 |q application/pdf |u http://scans.hebis.de/HEBCGI/show.pl?48574409_cov.pdf |3 Cover |
| 924 | 0 | |9 Mb 50 |a (DE-603)1155129938 |b DE-Mb50 |c HES |d c |g 21.03275 | |


